Electrochemistry of Nucleic Acids and Proteins Towards Electrochemical Sensors for Genomics and Proteins

Saved in:
Bibliographic Details
Main Author: Paleček, Emil, 1930-
Other Authors: Scheller, F., Wang, J.
Format: Book
Language:English
Published: Amsterdam Elsevier 2005
Edition:1. ed.
Series:Perspectives in Bioanalysis, volume 1
Subjects:
Online Access:View in OPAC
Tags: Add Tag
No Tags, Be the first to tag this record!

MARC

LEADER 00000nam a2200000 a 4500
005 20260127134212.0
008 060706 2005 ne 000 0 eng d
020 |a 044452150X 
035 |a vtls008828799 
039 9 |a 202003161551  |b msnk162  |c 200607060928  |d mschk03  |c 200607060924  |d mschk03  |y 200607060921  |z mschk03 
040 |a STUSCHK1  |b slo  |c STUSCHK1  |e AACR2 
100 1 |a Paleček, Emil,  |d 1930-  |9 596 
245 1 |a Electrochemistry of Nucleic Acids and Proteins  |b Towards Electrochemical Sensors for Genomics and Proteins  |c Emil Paleček, F. Scheller, J. Wang 
250 |a 1. ed. 
260 |a Amsterdam  |b Elsevier  |c 2005 
300 |a xvii, 789 p.  |b ill.  |c 24 cm 
490 0 |a Perspectives in Bioanalysis,  |v volume 1 
650 0 |a Electrochemistry  |2 SNKPHeng 
650 0 7 |a Nucleic acids  |2 SNKPHeng 
650 0 7 |a Nucleic proteins  |2 SNKPHeng 
700 1 |a Scheller, F. 
700 1 |a Wang, J. 
910 |a SCHK95 
919 |a 0-444-52150-X 
999 |c 6580  |d 6580